000 00842nam a22002657a 4500
001 BR2014001311
003 BR-BrBNA
005 20230928104358.0
007 ta
008 230509b bl.||||| |||| 00| 0 por d
040 _aBR-BrBNA
_bpor
_cBiblioteca Nacional de Agricultura
041 _a(Por)
072 _aU30
090 _ U30 BR2014001311
100 1 _aFaria, R. de O.
110 1 _aUniversidade Federal de Lavras, MG (Brasil)
_0Tese (Mestrado em Engenharia Agrícola)
245 1 _aDesenvolvimento de um sistema de monitoramento de dispersoides baseado em análise de imagens
260 3 _aLavras, MG (Brasil):
_c2013.
300 _a73 p.
500 _a38 ref.; Summaries (Eng, Por); 37 illus.; 4 tables
650 _aENGENHARIA AGRÍCOLA
650 _aEQUIPAMENTO
909 _a202309
_bLucia
_c55
_dLucia Elande
942 _cBK
999 _c79590
_d79590